Swearing by Kenya (Record no. 25)
[ view plain ]
| 000 -LEADER | |
|---|---|
| fixed length control field | 00395nam a22001697a 4500 |
| 003 - CONTROL NUMBER IDENTIFIER | |
| control field | OSt |
| 005 - DATE AND TIME OF LATEST TRANSACTION | |
| control field | 20230620133427.0 |
| 008 - FIXED-LENGTH DATA ELEMENTS--GENERAL INFORMATION | |
| fixed length control field | 230531b xxu||||| |||| 00| 0 eng d |
| 020 ## - INTERNATIONAL STANDARD BOOK NUMBER | |
| International Standard Book Number | 9966530387 |
| 040 ## - CATALOGING SOURCE | |
| Transcribing agency | 0 |
| 082 ## - DEWEY DECIMAL CLASSIFICATION NUMBER | |
| Edition number | 342.02LUM |
| 100 ## - MAIN ENTRY--PERSONAL NAME | |
| Relator code | PLO Lumumba |
| 245 ## - TITLE STATEMENT | |
| Title | Swearing by Kenya |
| Remainder of title | The Unfolding of a New Constitution |
| 260 ## - PUBLICATION, DISTRIBUTION, ETC. (IMPRINT) | |
| Place of publication, distribution, etc. | Nairobi,Kenya |
| 300 ## - PHYSICAL DESCRIPTION | |
| Extent | xvi,407 |
| 942 ## - ADDED ENTRY ELEMENTS (KOHA) | |
| Source of classification or shelving scheme | Dewey Decimal Classification |
| Koha item type | Books |
| Withdrawn status | Lost status | Source of classification or shelving scheme | Damaged status | Not for loan | Home library | Current library | Date acquired | Total Checkouts | Full call number | Barcode | Date last seen | Price effective from | Koha item type | Checked out |
|---|---|---|---|---|---|---|---|---|---|---|---|---|---|---|
| Dewey Decimal Classification | Bunge Tower Library | Bunge Tower Library | 05/31/2023 | 342.02 LUM | 20220031 | 05/31/2023 | 05/31/2023 | Books | ||||||
| Dewey Decimal Classification | Bunge Tower Library | Bunge Tower Library | 05/31/2023 | 342.02 LUM | 20220033 | 05/31/2023 | 05/31/2023 | Books | ||||||
| Dewey Decimal Classification | Bunge Tower Library | Bunge Tower Library | 05/31/2023 | 342.02 LUM | 20220035 | 05/31/2023 | 05/31/2023 | Books | 12/15/2017 | |||||
| Dewey Decimal Classification | Bunge Tower Library | Bunge Tower Library | 05/31/2023 | 342.02 LUM | 20220032 | 05/31/2023 | 05/31/2023 | Books | ||||||
| Dewey Decimal Classification | Bunge Tower Library | Bunge Tower Library | 05/31/2023 | 342.02 LUM | 20220034 | 05/31/2023 | 05/31/2023 | Books | ||||||
| Dewey Decimal Classification | Bunge Tower Library | Bunge Tower Library | 06/02/2023 | 100001387 | 06/02/2023 | 06/02/2023 | Books | |||||||
| Dewey Decimal Classification | Bunge Tower Library | Bunge Tower Library | 06/02/2023 | 1000776 | 06/02/2023 | 06/02/2023 | Books |
